|
|
|
|
| LEADER |
00982pam a22002538a 4500 |
| 001 |
00021712 |
| 005 |
20171026081023.0 |
| 008 |
110526s2000 ||||||Viesd |
| 020 |
|
|
|c 12200
|
| 041 |
0 |
# |
|a Vie
|
| 082 |
1 |
# |
|a 570.71
|b D112H
|
| 100 |
0 |
# |
|a Nguyễn Quang Vinh
|
| 245 |
0 |
0 |
|a Dạy học sinh học ở trường Trung học cơ sở
|b Giáo trình dùng cho các trường Cao đẳng sư phạm
|c Nguyễn Quang Vinh
|n T.2
|
| 260 |
# |
# |
|a H.
|b Giáo dục
|c 2000
|
| 300 |
# |
# |
|a 131 tr.
|c 27 cm.
|
| 500 |
# |
# |
|a ĐTTS ghi: Bộ GD và ĐT
|
| 650 |
# |
7 |
|2 Sinh học
|a Dạy học
|
| 653 |
# |
# |
|a Trung học cơ sở
|
| 852 |
# |
# |
|b Kho giáo trình
|j KGT.0008086, KGT.0008087, KGT.0033427
|
| 852 |
# |
# |
|b Kho mượn
|j KGT.0008086
|
| 852 |
# |
# |
|b Kho đọc
|j KD.0005641
|
| 852 |
# |
# |
|j KD.0005641
|j KGT.0008086
|j KGT.0008087
|j KGT.0033427
|
| 910 |
# |
# |
|a Hoa Lê
|d 26/05/2011
|
| 980 |
# |
# |
|a Trung tâm Học liệu Lê Vũ Hùng, Trường Đại học Đồng Tháp
|